<?xml version="1.0" encoding="UTF-8"?>
<record
    xmlns:xsi="http://www.w3.org/2001/XMLSchema-instance"
    xsi:schemaLocation="http://www.loc.gov/MARC21/slim http://www.loc.gov/standards/marcxml/schema/MARC21slim.xsd"
    xmlns="http://www.loc.gov/MARC21/slim">

  <leader>01236nam2a2200253   4500</leader>
  <controlfield tag="001">RU\NLR\BIBL_A\022741094</controlfield>
  <controlfield tag="005">20260308045013.0</controlfield>
  <datafield tag="035" ind1=" " ind2=" ">
    <subfield code="a">(NLR Aleph) 022741094</subfield>
  </datafield>
  <datafield tag="090" ind1=" " ind2=" ">
    <subfield code="a">13557521</subfield>
    <subfield code="c">13557521</subfield>
  </datafield>
  <datafield tag="100" ind1=" " ind2=" ">
    <subfield code="a">20061002d1897    u  y0rusy50      ca</subfield>
  </datafield>
  <datafield tag="101" ind1="1" ind2=" ">
    <subfield code="a">rus</subfield>
    <subfield code="c">eng</subfield>
  </datafield>
  <datafield tag="102" ind1=" " ind2=" ">
    <subfield code="a">RU</subfield>
  </datafield>
  <datafield tag="105" ind1=" " ind2=" ">
    <subfield code="a">y   z   000ay</subfield>
  </datafield>
  <datafield tag="200" ind1="1" ind2=" ">
    <subfield code="a">&#x41E;&#x43B;&#x438;&#x432;&#x435;&#x440; &#x422;&#x432;&#x438;&#x441;&#x442;</subfield>
    <subfield code="e">&#x440;&#x43E;&#x43C;&#x430;&#x43D;</subfield>
    <subfield code="f">&#x43F;&#x435;&#x440;&#x435;&#x432;&#x43E;&#x434; &#x415;. &#x410;. &#x422;&#x430;&#x440;&#x43D;&#x43E;&#x432;&#x441;&#x43A;&#x43E;&#x439;-&#x422;&#x430;&#x431;&#x43E;&#x440;&#x43E;&#x432;&#x441;&#x43A;&#x43E;&#x439;</subfield>
  </datafield>
  <datafield tag="210" ind1=" " ind2=" ">
    <subfield code="d">1897</subfield>
  </datafield>
  <datafield tag="215" ind1=" " ind2=" ">
    <subfield code="a">400 &#x441;.</subfield>
  </datafield>
  <datafield tag="225" ind1="1" ind2=" ">
    <subfield code="a">...</subfield>
    <subfield code="v">&#x442;. 75</subfield>
  </datafield>
  <datafield tag="461" ind1=" " ind2="0">
    <subfield code="1">001v19\rc\1600392</subfield>
    <subfield code="1">2001#$a&#x421;&#x43E;&#x431;&#x440;&#x430;&#x43D;&#x438;&#x435; &#x441;&#x43E;&#x447;&#x438;&#x43D;&#x435;&#x43D;&#x438;&#x439; &#x427;&#x430;&#x440;&#x43B;&#x44C;&#x437;&#x430; &#x414;&#x438;&#x43A;&#x43A;&#x435;&#x43D;&#x441;&#x430;$e[&#x43F;&#x435;&#x440;&#x435;&#x432;&#x43E;&#x434;$f&#x440;&#x435;&#x434;&#x430;&#x43A;&#x442;&#x43E;&#x440;: &#x424;. &#x418;. &#x411;&#x443;&#x43B;&#x433;&#x430;&#x43A;&#x43E;&#x432;]$v&#x422;. 9</subfield>
    <subfield code="1">700#1$a&#x414;&#x438;&#x43A;&#x43A;&#x435;&#x43D;&#x441;$b&#x427;.$f1812-1870$g&#x427;&#x430;&#x440;&#x43B;&#x437;$3RU\NLR\AUTH\7713978</subfield>
    <subfield code="9">5582498</subfield>
    <subfield code="a">&#x414;&#x438;&#x43A;&#x43A;&#x435;&#x43D;&#x441;, &#x427;. (1812-1870)</subfield>
    <subfield code="c">&#x421;.-&#x41F;&#x435;&#x442;&#x435;&#x440;&#x431;&#x443;&#x440;&#x433; [&#x421;&#x430;&#x43D;&#x43A;&#x442;-&#x41F;&#x435;&#x442;&#x435;&#x440;&#x431;&#x443;&#x440;&#x433;]</subfield>
    <subfield code="d">1896&#x2013;1899</subfield>
    <subfield code="f">&#x440;&#x435;&#x434;&#x430;&#x43A;&#x442;&#x43E;&#x440;: &#x424;. &#x418;. &#x411;&#x443;&#x43B;&#x433;&#x430;&#x43A;&#x43E;&#x432;]</subfield>
    <subfield code="n">&#x413;. &#x424;. &#x41F;&#x430;&#x43D;&#x442;&#x435;&#x43B;&#x435;&#x435;&#x432;</subfield>
    <subfield code="o">[&#x43F;&#x435;&#x440;&#x435;&#x432;&#x43E;&#x434;</subfield>
    <subfield code="p">35 &#x442;.</subfield>
    <subfield code="t">&#x421;&#x43E;&#x431;&#x440;&#x430;&#x43D;&#x438;&#x435; &#x441;&#x43E;&#x447;&#x438;&#x43D;&#x435;&#x43D;&#x438;&#x439; &#x427;&#x430;&#x440;&#x43B;&#x44C;&#x437;&#x430; &#x414;&#x438;&#x43A;&#x43A;&#x435;&#x43D;&#x441;&#x430;</subfield>
    <subfield code="v">&#x422;. 9</subfield>
  </datafield>
  <datafield tag="702" ind1=" " ind2="1">
    <subfield code="a">&#x422;&#x430;&#x440;&#x43D;&#x43E;&#x432;&#x441;&#x43A;&#x430;&#x44F;-&#x422;&#x430;&#x431;&#x43E;&#x440;&#x43E;&#x432;&#x441;&#x43A;&#x430;&#x44F;</subfield>
    <subfield code="b">&#x415;. &#x410;.</subfield>
    <subfield code="4">730</subfield>
  </datafield>
  <datafield tag="852" ind1=" " ind2=" ">
    <subfield code="a">NLR</subfield>
    <subfield code="j">18.243.6.1(9)</subfield>
  </datafield>
  <datafield tag="942" ind1=" " ind2=" ">
    <subfield code="c">UNSPEC</subfield>
  </datafield>
  <datafield tag="980" ind1=" " ind2=" ">
    <subfield code="a">NB</subfield>
  </datafield>
</record>
